| 000 | 00569nam a2200193Ia 4500 | ||
|---|---|---|---|
| 003 | GCL | ||
| 008 | 140319s9999 xx 000 0 ara d | ||
| 040 |
_aGCL / _cGCL |
||
| 082 | 0 | 4 |
_a212.1 _bد ا |
| 100 | 1 | _aدوباسكوية، روحية | |
| 245 | 1 | 0 |
_aاظهار الاسلام / _cدوباسكوية، روحية |
| 300 | _a187 ص | ||
| 490 |
_a100 قصة _v0 |
||
| 650 | 0 | 4 | _aالاسلام والمجتمع |
| 650 | 0 | 4 | _aالفقه الاسلامى |
| 650 | 0 | 4 | _aانتشار الاسلام |
| 650 | 0 | 4 | _aالاسلام فى اوروبا |
| 942 |
_2ddc _cBK |
||
| 999 |
_c45014 _d45014 |
||